000 00654nam a2200229Ia 4500
005 20230621084508.0
008 131103s9999 xx 000 0 und d
020 _a140205810
_c65 p.
040 _aLoreto College
041 _aEnglish
082 _a936
_bBOA
100 _aBoardman,John
245 4 _aThe Greeks overseas
_b the archaeology of their early colonies and trade
_cJohn Boardman
250 _a2nd ed.
260 _aHarmoundsworth
_bPenguin Books
_c1973
300 _axxi,273 p.
_b platesill.,fig.,maps
504 _aIncludes index
650 _aAncient History
651 _aGreece - Ancient History
850 _aLCLIB
942 _cBK
999 _c8627
_d59106